| 000 | 00000nas##2200000za#4500 |
| 001 | 9.503412 |
| 003 | CaOODSP |
| 005 | 20200325093142 |
| 007 | cr ||||||||||| |
| 008 | 150406c2006||||xxc|| p o||||f| |0fre|d |
| 040 | |aCaOODSP|bfre |
| 043 | |an-cn--- |
| 086 | 1 |aIu77-1/3F-PDF |
| 110 | 1 |aCanada.|bBureau du directeur des lobbyistes. |
| 245 | 10|aBureau du Directeur des lobbyistes, Loi sur l'accès à l'information et Loi sur la protection des renseignements personnels, rapport annuel ... |h[ressource électronique] |
| 260 | |aOttawa - Ontario : |bBureau du directeur des lobbyistes |
| 310 | |aAnnuel |
| 362 | 1 |a2005/2006-2007/2008 |
| 775 | 08|tOffice of the Registrar of Lobbyists - Access to Information Act and Privacy Act, annual report ... |w(CaOODSP)9.507019 |